| 000 | 00453nam a2200181Ia 4500 | ||
|---|---|---|---|
| 001 | 17038 | ||
| 005 | 20260306170355.0 | ||
| 008 | 260306t2016||||xx |||||||||||||| ||und|| | ||
| 041 | _aESP | ||
| 082 |
_a657.42 _bU826E |
||
| 100 |
_aUdolkin Dakova, Sergey _eAUT |
||
| 245 | 0 | _aEjercicios de contabilidad de costos y de gestión | |
| 260 | _c2016 | ||
| 300 |
_a162 páginas : _c22 cm. |
||
| 650 | _aGEN | ||
| 654 | _aCCO | ||
| 942 |
_cLIB _dJUS _fJUS _2ddc _n |
||
| 999 |
_c17038 _d17038 |
||